000 00286nam a2200109Ia 4500
008 190216s9999||||xx |||||||||||||| ||und||
100 _aGeorge C Philippatos
245 0 _aFinancial Management Theory&Techniques
260 _bUniversity Grand Commission
650 _aCommerce
942 _cBK
999 _c4552
_d4552